[Event "Ì15Ï"]
[Site "Loo"]
[Date "2017.04.22"]
[Round "3.28"]
[White "Ãàëè÷êèí, Èëüÿ."]
[Black "Èãíàòåíêî, Àðòóð."]
[Result "1/2-1/2"]
[WhiteElo "1851"]
[BlackElo "1621"]
[PlyCount "81"]
[EventDate "2017.04.20"]

1. e4 c5 2. Nf3 d6 3. d4 cxd4 4. Nxd4 a6 5. Nc3 Nf6 6. f3 e6 7. Be3 Nc6 8. Qd2
d5 9. O-O-O Bb4 10. a3 Ba5 11. b4 Bb6 12. exd5 Nxd5 13. Nxd5 exd5 14. Nxc6 bxc6
15. Bxb6 Qxb6 16. Qd4 Qxd4 17. Rxd4 Be6 18. c4 Ke7 19. Be2 dxc4 20. Bxc4 Bxc4
21. Rxc4 Kd6 22. Rd1+ Kc7 23. Rd2 Rad8 24. Rdc2 Rd6 25. Rf4 f6 26. Re4 Rhd8 27.
Kb2 Kb6 28. Kb3 Rd4 29. Rxd4 Rxd4 30. Re2 Rd3+ 31. Kc4 Rxa3 32. Re7 g5 33. Rxh7
Ra2 34. Rf7 Rxg2 35. Rxf6 Rxh2 36. Rg6 Rh3 37. Rxg5 Rxf3 38. Rh5 Rf4+ 39. Kb3
Rf3+ 40. Kc4 Rf4+ 41. Kb3 1/2-1/2

[Event "Ì15Ï"]
[Site "Loo"]
[Date "2017.04.22"]
[Round "3.29"]
[White "Ãðèøèí, Ïàâåë."]
[Black "ßñòðåáîâ, Íèêèòà."]
[Result "1-0"]
[WhiteElo "1840"]
[BlackElo "1602"]
[PlyCount "41"]
[EventDate "2017.04.20"]

1. e4 d5 2. exd5 Qxd5 3. Nc3 Qa5 4. d4 Nf6 5. Nf3 Bg4 6. h3 Bh5 7. Bd2 Nc6 8.
Bb5 O-O-O 9. Bxc6 bxc6 10. g4 Bg6 11. Qe2 Qb6 12. O-O Nd5 13. a4 Bxc2 14. a5
Nxc3 15. Bxc3 Qb3 16. Ra3 Qd5 17. Ne5 Be4 18. f3 Kb7 19. fxe4 Qb5 20. Qxb5+
cxb5 21. Nxf7 1-0

[Event "Ì15Ï"]
[Site "Loo"]
[Date "2017.04.22"]
[Round "3.30"]
[White "Ïåòðîâ, Íèêîëàé."]
[Black "Êîíîâàëîâ, Àëåêñåé."]
[Result "1-0"]
[WhiteElo "1832"]
[BlackElo "1581"]
[PlyCount "111"]
[EventDate "2017.04.20"]

1. Nf3 Nf6 2. g3 e6 3. Bg2 d5 4. d4 c6 5. O-O Nbd7 6. Nbd2 Be7 7. c4 O-O 8. Qc2
Re8 9. b3 Bf8 10. Bb2 Qc7 11. Rac1 dxc4 12. Nxc4 Nd5 13. a3 h6 14. e4 Ne7 15.
Nce5 Nf6 16. Rfd1 Bd7 17. Nd2 Rad8 18. Nec4 Nc8 19. Ne3 Nb6 20. d5 e5 21. b4
Qb8 22. dxc6 Bxc6 23. Ndc4 Ba4 24. Rxd8 Rxd8 25. Qc3 Nfd7 26. Nxb6 axb6 27. Qc4
b5 28. Qc3 g6 29. Nd5 Bg7 30. Qc7 Nf8 31. Bh3 Bb3 32. Qxb8 Rxb8 33. Rc5 Rd8 34.
Rxb5 f5 35. Ne7+ Kf7 36. Rxb7 Rd1+ 37. Kg2 Nd7 38. Nd5 Rxd5 39. exf5 Ke7 40.
fxg6 Rd2 41. Rxd7+ Rxd7 42. Bxd7 Kxd7 43. f4 Kc6 44. Bxe5 Bxe5 45. fxe5 Kd5 46.
Kh3 Kxe5 47. Kh4 Kf6 48. Kh5 Kg7 49. b5 Ba4 50. b6 Bc6 51. a4 Bb7 52. a5 Ba6
53. g4 Bb7 54. g5 Bf3+ 55. Kh4 Kxg6 56. a6 1-0

[Event "Ì15Ï"]
[Site "Loo"]
[Date "2017.04.22"]
[Round "3.31"]
[White "Áóþêëè, Åãîð."]
[Black "Êàðäîíîâ, Áààòð."]
[Result "1-0"]
[WhiteElo "1823"]
[BlackElo "1574"]
[PlyCount "63"]
[EventDate "2017.04.20"]

1. d4 d5 2. Nc3 Nf6 3. Bg5 e6 4. e4 Be7 5. e5 Ne4 6. Nxe4 Bxg5 7. Nxg5 Qxg5 8.
Nf3 Qe7 9. Qd2 Bd7 10. Bd3 h6 11. c3 c5 12. Rc1 Nc6 13. dxc5 Qxc5 14. O-O O-O
15. h4 Qe7 16. Bb1 f6 17. c4 fxe5 18. cxd5 exd5 19. Qxd5+ Be6 20. Qc5 Rae8 21.
Nxe5 Nxe5 22. Qxe5 Qxh4 23. Rc7 Re7 24. g3 Qg5 25. Qxg5 hxg5 26. Rxe7 Bd5 27.
Rd1 Bf3 28. Rdd7 Rc8 29. Rxg7+ Kh8 30. Rh7+ Kg8 31. Rdg7+ Kf8 32. Rh8+ 1-0

[Event "Ì15Ï"]
[Site "Loo"]
[Date "2017.04.22"]
[Round "3.32"]
[White "Òðàùåíêî, Äàìèð."]
[Black "Âèíîêóð, Ëåîíèä."]
[Result "0-1"]
[WhiteElo "1805"]
[BlackElo "1572"]
[PlyCount "74"]
[EventDate "2017.04.20"]

1. e4 e6 2. d4 d5 3. Nc3 Bb4 4. e5 c5 5. a3 Bxc3+ 6. bxc3 Ne7 7. Qg4 Qc7 8. Bd2
cxd4 9. cxd4 Qxc2 10. Rc1 Qe4+ 11. Qxe4 dxe4 12. Bb4 Nbc6 13. Bb5 Bd7 14. Ne2
Nxe5 15. dxe5 Bxb5 16. Rc7 Nd5 17. Rc2 Nxb4 18. axb4 O-O 19. Nd4 Rac8 20. Kd2
Rxc2+ 21. Kxc2 Bd3+ 22. Kd2 Rc8 23. Ke3 Rc4 24. b5 Rc3 25. Kd2 Rc5 26. Ra1 a6
27. bxa6 Bxa6 28. f4 exf3 29. Nxf3 Rd5+ 30. Ke3 h6 31. Ke4 Bd3+ 32. Kf4 g5+ 33.
Kg4 Be4 34. Kh5 Kg7 35. Ra7 Bxf3+ 36. gxf3 Rxe5 37. Rxb7 Re2 0-1

[Event "Ì15Ï"]
[Site "Loo"]
[Date "2017.04.22"]
[Round "3.33"]
[White "Òîëñòûõ, Äìèòðèé."]
[Black "Êóìàêîâ, Èâàí."]
[Result "1-0"]
[WhiteElo "1569"]
[BlackElo "1783"]
[PlyCount "131"]
[EventDate "2017.04.20"]

1. d4 Nf6 2. c4 e6 3. Nc3 Bb4 4. Bg5 h6 5. Bh4 c5 6. dxc5 Bxc5 7. e3 Nc6 8. Nf3
O-O 9. Be2 b6 10. O-O Be7 11. Qc2 Bb7 12. Rfd1 Nb4 13. Qb3 Na6 14. Na4 Ne4 15.
Bg3 Nac5 16. Nxc5 Nxc5 17. Qc3 Bf6 18. Be5 Ne4 19. Qd4 Bxe5 20. Nxe5 Qh4 21. g3
Qf6 22. f3 Ng5 23. h4 Nh7 24. Nxd7 Qxd4 25. Rxd4 Rfc8 26. Ne5 Nf6 27. Rad1 Bc6
28. Rd6 Bb7 29. b3 Kf8 30. Nd7+ Nxd7 31. Rxd7 Bc6 32. R7d6 Ke7 33. Kf2 Rc7 34.
f4 Rac8 35. Bf3 Bxf3 36. Kxf3 Rb7 37. g4 g6 38. f5 gxf5 39. gxf5 Rc5 40. fxe6
Rf5+ 41. Ke2 fxe6 42. R6d4 h5 43. Rf4 Kf6 44. Rd8 Rxf4 45. exf4 Rg7 46. Kf3 Kg6
47. Rh8 Rf7 48. Rg8+ Kf6 49. Rg5 Rh7 50. Ke4 Rh8 51. f5 exf5+ 52. Rxf5+ Ke6 53.
Re5+ Kf6 54. Rd5 Ke6 55. a4 Rh7 56. a5 bxa5 57. Rxa5 Rb7 58. Re5+ Kf6 59. Rf5+
Ke6 60. Rf3 Rg7 61. b4 Rg4+ 62. Rf4 Rg1 63. b5 Rc1 64. Kd4 Rd1+ 65. Kc5 Rd6 66.
Rf6+ 1-0

[Event "Ì15Ï"]
[Site "Loo"]
[Date "2017.04.22"]
[Round "3.34"]
[White "Äÿøêèí, Äìèòðèé."]
[Black "Áóêàòèí, Àðñåíèé."]
[Result "0-1"]
[WhiteElo "1568"]
[BlackElo "1772"]
[PlyCount "48"]
[EventDate "2017.04.20"]

1. e4 e5 2. Nf3 Nc6 3. Bb5 a6 4. Bxc6 dxc6 5. d4 exd4 6. Nxd4 Bd6 7. O-O Ne7 8.
Be3 O-O 9. f4 f6 10. Qf3 Bd7 11. Nc3 c5 12. Nb3 b6 13. g4 Qc8 14. h3 Bc6 15.
Qg3 Qb7 16. e5 fxe5 17. fxe5 Ng6 18. exd6 cxd6 19. Bf4 d5 20. Rae1 d4 21. Nd1
Qd7 22. Kh2 Qd5 23. Re2 Nxf4 24. Rxf4 Qh1# 0-1

[Event "Ì15Ï"]
[Site "Loo"]
[Date "2017.04.22"]
[Round "3.35"]
[White "Êðàâöîâ, Ìàêñèì."]
[Black "Ïåðåãóäîâ, Äåíèñ."]
[Result "1-0"]
[WhiteElo "1766"]
[BlackElo "1568"]
[PlyCount "59"]
[EventDate "2017.04.20"]

1. d4 d5 2. c4 e6 3. Nf3 Nf6 4. Bg5 Nbd7 5. Nc3 c6 6. e3 Qa5 7. cxd5 exd5 8.
Bd3 Bb4 9. Qc2 O-O 10. O-O h6 11. Bh4 Bd6 12. a3 a6 13. Kh1 Qc7 14. Ne2 Re8 15.
Rg1 Ng4 16. h3 Ngf6 17. g4 Ne4 18. Bxe4 Rxe4 19. Bg3 Nb6 20. Bxd6 Qxd6 21. Ng3
Re8 22. Nf5 Qc7 23. N3h4 Nc4 24. g5 Bxf5 25. Qxf5 Nd6 26. Qf3 hxg5 27. Rxg5 Ne4
28. Rg2 Re6 29. Rag1 g6 30. Nxg6 1-0

[Event "Ì15Ï"]
[Site "Loo"]
[Date "2017.04.22"]
[Round "3.36"]
[White "Áåçóõîâ, Àëåêñàíäð."]
[Black "Øèëüíèêîâ, Àíòîí."]
[Result "0-1"]
[WhiteElo "1564"]
[BlackElo "1757"]
[PlyCount "68"]
[EventDate "2017.04.20"]

1. e4 e6 2. d4 d5 3. e5 c5 4. c3 Qb6 5. Nf3 Nc6 6. a3 Nh6 7. b4 cxd4 8. cxd4
Nf5 9. Bb2 Bd7 10. g4 Nh6 11. h3 Rc8 12. Nbd2 Be7 13. Bd3 Qd8 14. O-O f6 15.
Nh2 Nf7 16. f4 fxe5 17. fxe5 O-O 18. Qe2 Qb6 19. Nhf3 Bg5 20. Kg2 Bxd2 21. Qxd2
Ne7 22. Ng5 Nxg5 23. Qxg5 Bb5 24. Rxf8+ Rxf8 25. Bxh7+ Kxh7 26. Qxe7 Rc8 27.
Qh4+ Kg8 28. Qf2 Bd3 29. Rc1 Rf8 30. Qh4 Qa6 31. Kg1 Be4 32. Qg3 Qe2 33. Bc3
Rf3 34. Qe1 Rxc3 0-1

[Event "Ì15Ï"]
[Site "Loo"]
[Date "2017.04.22"]
[Round "3.37"]
[White "Êëûêîâ, Ãåîðãèé."]
[Black "Åôàíîâ, Àëåêñåé."]
[Result "0-1"]
[WhiteElo "1737"]
[BlackElo "1567"]
[PlyCount "138"]
[EventDate "2017.04.20"]

1. d4 Nf6 2. c4 e6 3. g3 Bb4+ 4. Bd2 Bxd2+ 5. Nxd2 d5 6. Bg2 O-O 7. Ngf3 b6 8.
O-O Bb7 9. Ne5 Nbd7 10. cxd5 Nxe5 11. dxe5 Nxd5 12. Rc1 c6 13. Ne4 Ne7 14. Nd6
Qc7 15. Qc2 Ba6 16. Qa4 Bxe2 17. Rfe1 b5 18. Qa6 Bc4 19. Nxc4 bxc4 20. Rxc4
Rfc8 21. f4 Rab8 22. b3 Rb6 23. Qa3 Qb7 24. Qc1 Rb4 25. Rxb4 Qxb4 26. Re4 Qb6+
27. Kh1 Kf8 28. Qg1 Rd8 29. Qxb6 axb6 30. Re1 Rd2 31. Ra1 Nd5 32. Bxd5 cxd5 33.
Rc1 Rxa2 34. Rc6 d4 35. Rd6 Rb2 36. Rxd4 Rxb3 37. Kg2 Ke7 38. Kh3 b5 39. Kh4
Rb1 40. Kh5 b4 41. g4 b3 42. f5 b2 43. Rb4 exf5 44. gxf5 Rf1 45. Rb7+ Kd8 46.
Rxb2 Rxf5+ 47. Kg4 Rxe5 48. Ra2 Ke7 49. Ra7+ Kf6 50. Ra6+ Re6 51. Ra5 g6 52. h4
h5+ 53. Kf3 Re5 54. Ra1 Ke6 55. Kf4 Rd5 56. Ra6+ Rd6 57. Ra8 Rd4+ 58. Kg3 f6
59. Ra6+ Ke5 60. Ra5+ Rd5 61. Ra6 Kf5 62. Ra8 g5 63. hxg5 Rd3+ 64. Kf2 fxg5 65.
Ra5+ Kg4 66. Ra4+ Kh3 67. Ra5 Kh4 68. Ra8 g4 69. Rg8 Kh3 0-1

[Event "Ì15Ï"]
[Site "Loo"]
[Date "2017.04.22"]
[Round "3.38"]
[White "Äÿòëîâ, Îëåã."]
[Black "Áàëàøîâ, Åãîð."]
[Result "1/2-1/2"]
[WhiteElo "1549"]
[BlackElo "1729"]
[PlyCount "81"]
[EventDate "2017.04.20"]

1. c4 e5 2. Nc3 Bb4 3. Nf3 Bxc3 4. bxc3 d6 5. d3 f5 6. g3 Nf6 7. Bg2 O-O 8. O-O
Nc6 9. Rb1 Qe8 10. Ne1 Rb8 11. Nc2 b6 12. Nb4 Bb7 13. Nd5 Qf7 14. Bg5 Ne8 15.
Nxb6 Nd8 16. Nd5 Nf6 17. Nxf6+ gxf6 18. Bh6 Re8 19. Bd5 Bxd5 20. Rxb8 Bb7 21.
Qb3 c5 22. Rb1 Bc6 23. Bd2 Qh5 24. Qd1 f4 25. Qf1 Kf7 26. Rc8 Ke6 27. f3 Kd7
28. g4 Rg8 29. Rxc6 Kxc6 30. Qd1 Kd7 31. Qa4+ Ke6 32. Qxa7 f5 33. Qa8 Qg6 34.
Qd5+ Ke7 35. Kf2 fxg4 36. Rg1 h5 37. fxg4 hxg4 38. Ke1 Nf7 39. Kd1 Rb8 40. Kc2
Rb6 41. a4 1/2-1/2

[Event "Ì15Ï"]
[Site "Loo"]
[Date "2017.04.22"]
[Round "3.39"]
[White "Áîíäàðåíêî, Àðò¸ì."]
[Black "Ãàâðèëåíêî, Äàíèèë."]
[Result "1-0"]
[WhiteElo "1720"]
[BlackElo "1546"]
[PlyCount "85"]
[EventDate "2017.04.20"]

1. e4 e6 2. d4 d5 3. e5 c5 4. c3 Nc6 5. Nf3 Qb6 6. a3 c4 7. Nbd2 Na5 8. g3 Bd7
9. Bg2 Ne7 10. O-O Qc7 11. Ne1 Nc8 12. f4 Nb6 13. g4 O-O-O 14. f5 Be7 15. Rb1
Ba4 16. Qe2 Rdf8 17. Ndf3 h5 18. Ng5 Bxg5 19. Bxg5 hxg4 20. Qxg4 Bd7 21. fxe6
Bxe6 22. Qg3 Rh7 23. h4 Rfh8 24. Bh3 Qd7 25. Bxe6 Qxe6 26. Ng2 Nb3 27. Nf4 Qd7
28. Rf2 Re8 29. Rbf1 g6 30. e6 fxe6 31. Nxg6 Na4 32. Ne5 Qc7 33. Rf7 Rxf7 34.
Rxf7 Qd6 35. Bf4 Qb6 36. Nxc4 dxc4 37. Rc7+ Qxc7 38. Bxc7 Nxb2 39. Qg6 Kd7 40.
Be5 Nd3 41. Qe4 Rg8+ 42. Kh2 Nd2 43. Qh7+ 1-0

[Event "Ì15Ï"]
[Site "Loo"]
[Date "2017.04.22"]
[Round "3.40"]
[White "Ùåïåòíîâ, Åãîð."]
[Black "Êðèâè÷, Èëüÿ."]
[Result "1/2-1/2"]
[WhiteElo "1711"]
[BlackElo "1546"]
[PlyCount "80"]
[EventDate "2017.04.20"]

1. d4 Nf6 2. c4 c5 3. d5 b5 4. cxb5 a6 5. bxa6 Bxa6 6. Nc3 g6 7. e4 Bxf1 8.
Kxf1 d6 9. Nf3 Bg7 10. g3 O-O 11. Kg2 Nbd7 12. Qc2 Qb6 13. Re1 Ng4 14. h3 Nge5
15. Nd2 c4 16. Rf1 Qc5 17. f4 Nd3 18. Nf3 Rfb8 19. Ne1 Qd4 20. Nxd3 cxd3 21.
Qf2 Nc5 22. Qxd4 Bxd4 23. Kf3 Nb3 24. Rb1 Bxc3 25. axb3 Rxb3 26. Be3 Rab8 27.
Rbd1 Bxb2 28. Rf2 Ra3 29. Rb1 d2 30. Rxd2 Rxe3+ 31. Kxe3 Bd4+ 32. Rxd4 Rxb1 33.
Rc4 Rb3+ 34. Kf2 f6 35. h4 Rb2+ 36. Kf3 Rb3+ 37. Kf2 h5 38. Ra4 Kf7 39. Ra8
Rb2+ 40. Kf3 Rb3+ 1/2-1/2

[Event "Ì15Ï"]
[Site "Loo"]
[Date "2017.04.22"]
[Round "3.41"]
[White "Åðîõèí, Àðòåì."]
[Black "Êóçíåöîâ, Ñåðãåé."]
[Result "1-0"]
[WhiteElo "1705"]
[BlackElo "1517"]
[PlyCount "89"]
[EventDate "2017.04.20"]

1. e4 e6 2. d4 d5 3. Bd3 c5 4. exd5 Qxd5 5. Nc3 Qxd4 6. Nf3 Qd8 7. Bf4 Nf6 8.
Qe2 a6 9. O-O-O Bd7 10. Ne4 Nxe4 11. Bxe4 Qb6 12. Ne5 g6 13. Qd3 Qd8 14. Nxf7
Kxf7 15. Bxb8 Rxb8 16. Qxd7+ Qxd7 17. Rxd7+ Be7 18. Rxb7 Rxb7 19. Bxb7 a5 20.
c3 Bg5+ 21. Kc2 Ke7 22. Rd1 Rf8 23. f3 Bf4 24. h3 Bd6 25. Re1 Kd7 26. Re4 Rf7
27. Ba6 e5 28. a3 Rf4 29. Kd3 Ke6 30. Kc4 Kf5 31. Kd5 Bc7 32. Kxc5 Rxe4 33. Bd3
Kf4 34. Bxe4 Kg3 35. Kd5 Kxg2 36. f4+ Kxh3 37. fxe5 g5 38. Bxh7 g4 39. e6 Bd8
40. Kd6 g3 41. Be4 g2 42. Bxg2+ Kxg2 43. e7 Bxe7+ 44. Kxe7 Kf3 45. b4 1-0

[Event "Ì15Ï"]
[Site "Loo"]
[Date "2017.04.22"]
[Round "3.42"]
[White "Ìåñòíèêîâ, Àéäûí."]
[Black "Ìèêèåâ, Êëèì."]
[Result "1-0"]
[WhiteElo "1699"]
[BlackElo "1511"]
[PlyCount "71"]
[EventDate "2017.04.20"]

1. d4 d5 2. Nf3 Nf6 3. Bf4 c5 4. e3 Nc6 5. c3 Qb6 6. Qb3 c4 7. Qxb6 axb6 8. Be2
e6 9. Nbd2 b5 10. O-O b4 11. Ne5 Nxe5 12. Bxe5 Nd7 13. Bc7 bxc3 14. bxc3 b5 15.
e4 b4 16. exd5 exd5 17. Bxc4 dxc4 18. Rfe1+ Ne5 19. Bxe5 Kd8 20. Nxc4 bxc3 21.
Rec1 f6 22. Bf4 Bb7 23. Rxc3 Rc8 24. Rac1 Bd5 25. Nb6 Rxc3 26. Rxc3 Bxa2 27. d5
g5 28. Rc8+ Ke7 29. d6+ Ke6 30. d7 Be7 31. Rxh8 gxf4 32. d8=Q Bxd8 33. Rxd8 Kf5
34. Nd7 Ke6 35. Nc5+ Ke7 36. Rd4 1-0

[Event "Ì15Ï"]
[Site "Loo"]
[Date "2017.04.22"]
[Round "3.43"]
[White "Ïîíòèñ, Ñòàíèñëàâ."]
[Black "Èâàíîâ, Èëüÿ."]
[Result "0-1"]
[WhiteElo "1693"]
[BlackElo "1498"]
[PlyCount "100"]
[EventDate "2017.04.20"]

1. d4 e6 2. g3 Nf6 3. Bg2 c5 4. c4 Nc6 5. Nf3 Qb6 6. O-O Nxd4 7. Nxd4 cxd4 8.
a3 e5 9. b4 d6 10. e3 Bg4 11. Qd3 O-O-O 12. exd4 Qxd4 13. Qxd4 exd4 14. Bb2 d3
15. f3 Bf5 16. Rd1 b6 17. g4 Bg6 18. Bxf6 gxf6 19. f4 f5 20. Bh3 Rg8 21. Kf1
fxg4 22. Bxg4+ f5 23. Bh3 d5 24. Rxd3 dxc4 25. Rxd8+ Kxd8 26. Ra2 Bd6 27. Rd2
Kc7 28. Rd4 b5 29. Rd5 a6 30. Bxf5 Bxf5 31. Rxf5 Rf8 32. Rxf8 Bxf8 33. Ke2 Kd6
34. Ke3 Bg7 35. Nd2 Kd5 36. Nb1 Bd4+ 37. Kf3 c3 38. Nxc3+ Bxc3 39. Kg4 Bb2 40.
Kg5 Bxa3 41. f5 Bxb4 42. Kf6 a5 43. Kg7 a4 44. f6 a3 45. h4 a2 46. Kxh7 a1=Q
47. Kg6 Ke6 48. h5 Qxf6+ 49. Kh7 Qf7+ 50. Kh6 Bd2# 0-1

[Event "Ì15Ï"]
[Site "Loo"]
[Date "2017.04.22"]
[Round "3.44"]
[White "Ñòåïàíîâ, Ñåðãåé."]
[Black "Ãóëèåâ, Ðîìàí."]
[Result "0-1"]
[WhiteElo "1406"]
[BlackElo "1680"]
[PlyCount "92"]
[EventDate "2017.04.20"]

1. e4 e6 2. d4 d5 3. exd5 exd5 4. Bd3 Bd6 5. Nf3 Ne7 6. c3 h6 7. O-O O-O 8. Nh4
f5 9. f4 Nd7 10. Be3 Nf6 11. h3 c6 12. Nd2 Be6 13. Qc2 Ne4 14. c4 Qe8 15. c5
Bc7 16. Nxe4 dxe4 17. Bc4 Qf7 18. Bxe6 Qxe6 19. a3 Nd5 20. Qd2 Bd8 21. g3 Bxh4
22. gxh4 Qf6 23. Bf2 Rfe8 24. Rae1 Rad8 25. Kh2 Qe6 26. Be3 Nxe3 27. Rxe3 Qf6
28. Qg2 Qxd4 29. Rg3 Re7 30. Rg1 Qd2 31. Qxd2 Rxd2+ 32. R1g2 Rxg2+ 33. Rxg2 Rd7
34. h5 e3 35. Kg3 Rd2 36. Rg1 Rxb2 37. Kf3 e2 38. Re1 Kf7 39. Rxe2 Rxe2 40.
Kxe2 Ke6 41. Kd3 Kd5 42. h4 Kxc5 43. a4 a5 44. Kc3 b5 45. axb5 cxb5 46. Kd3 b4
0-1

[Event "Ì15Ï"]
[Site "Loo"]
[Date "2017.04.22"]
[Round "3.45"]
[White "Åñèïîâ, Ãåííàäèé."]
[Black "Ðîìàíîâ, Àëüàìèí."]
[Result "0-1"]
[WhiteElo "1675"]
[BlackElo "1495"]
[PlyCount "110"]
[EventDate "2017.04.20"]

1. d4 Nf6 2. c4 g6 3. Nc3 Bg7 4. e4 d6 5. f3 Nbd7 6. Be3 O-O 7. Nge2 e5 8. d5
Nb6 9. Qd3 Ne8 10. g4 Qf6 11. Ng3 Qxf3 12. Be2 Qf6 13. O-O-O Qh4 14. g5 f6 15.
gxf6 Nxf6 16. Rdg1 Ng4 17. Bxg4 Bxg4 18. h3 Bd7 19. Qe2 Rac8 20. Nf5 Bxf5 21.
exf5 Rxf5 22. Rg4 Qe7 23. Ne4 Qf8 24. Kb1 Bh6 25. Bf2 Rf4 26. Rhg1 Rxg4 27.
Rxg4 Qg7 28. h4 Rf8 29. Bg3 Bf4 30. Bxf4 Rxf4 31. Rxf4 exf4 32. Ng5 Qe5 33. Qf1
h6 34. Ne6 Qe4+ 35. Kc1 Nxc4 36. Qxf4 Qxf4+ 37. Nxf4 g5 38. hxg5 hxg5 39. Ne6
g4 40. b3 g3 41. Nd4 g2 42. Nf3 Ne3 43. Kd2 Nxd5 44. Ke1 Nb4 45. a3 Nc2+ 46.
Kf2 Nxa3 47. Kxg2 Nb5 48. Kf2 Kf7 49. Ke3 Kf6 50. Ke4 c6 51. Kd3 d5 52. b4 b6
53. Kc2 Kf5 54. Nh4+ Ke4 55. Ng6 c5 0-1

[Event "Ì15Ï"]
[Site "Loo"]
[Date "2017.04.22"]
[Round "3.46"]
[White "Ãàâðèëèí, Ðîìàí."]
[Black "Âîëîäèí, Àíäðåé."]
[Result "1-0"]
[WhiteElo "1668"]
[BlackElo "1467"]
[PlyCount "75"]
[EventDate "2017.04.20"]

1. e4 e5 2. Nf3 Nc6 3. Bb5 f5 4. Nc3 Nf6 5. exf5 e4 6. Nh4 Nd4 7. O-O Nxb5 8.
Nxb5 c6 9. Nc3 d5 10. d3 exd3 11. Qxd3 Be7 12. Re1 O-O 13. Bg5 Bc5 14. Re2 a5
15. Rae1 b5 16. Qf3 Qc7 17. Bxf6 gxf6 18. Re8 Bb7 19. R8e6 Bc8 20. R6e2 Bd6 21.
Qh3 Be5 22. Nd1 Qg7 23. Nf3 Bd6 24. Nd4 Bd7 25. Ne6 Bxe6 26. Rxe6 Rad8 27. Ne3
Qg5 28. Nf1 c5 29. R1e3 d4 30. R3e4 Kh8 31. Rg4 Qc1 32. Qh4 Qd1 33. Rxf6 Rd7
34. Qg5 Bxh2+ 35. Kxh2 Re8 36. Rh6 Rf7 37. Qg6 Ref8 38. Rgh4 1-0

[Event "Ì15Ï"]
[Site "Loo"]
[Date "2017.04.22"]
[Round "3.47"]
[White "Áóíèàòÿí, Äàâèä."]
[Black "Êëþñ, Íèêèòà."]
[Result "1-0"]
[WhiteElo "1648"]
[BlackElo "1384"]
[PlyCount "39"]
[EventDate "2017.04.20"]

1. e4 c5 2. Nf3 d6 3. d4 cxd4 4. Nxd4 Nf6 5. Nc3 a6 6. Bc4 e6 7. Bb3 Be7 8. Bg5
b5 9. Qf3 Bb7 10. Bxe6 Qb6 11. Be3 Qc7 12. O-O-O Nc6 13. Nd5 Qd8 14. Nxc6 Bxc6
15. e5 fxe6 16. Nxf6+ gxf6 17. Qxc6+ Kf7 18. exd6 Bf8 19. Bb6 Rc8 20. Qb7+ 1-0

[Event "Ì15Ï"]
[Site "Loo"]
[Date "2017.04.22"]
[Round "3.48"]
[White "Ëåáåäåâ, Ìàòâåé."]
[Black "Ãàãàðèí, Âàñèëèé."]
[Result "0-1"]
[WhiteElo "1189"]
[BlackElo "1956"]
[PlyCount "84"]
[EventDate "2017.04.20"]

1. d4 d6 2. c4 Nf6 3. Nf3 Nbd7 4. Nc3 e5 5. e4 Be7 6. Bd3 O-O 7. O-O c6 8. Be3
Qc7 9. Qc2 b6 10. a3 Bb7 11. b4 a6 12. Qb3 Rfe8 13. d5 c5 14. Rab1 Rab8 15. Nd2
Ng4 16. Rbe1 Nxe3 17. fxe3 Nf6 18. h3 Nh5 19. g4 Nf6 20. Nf3 h6 21. Kh2 Nh7 22.
Qa2 Bc8 23. Rg1 Ng5 24. Ref1 Bd7 25. Ne2 b5 26. Ng3 bxc4 27. Qxc4 Bb5 28. Qc3
Bxd3 29. Qxd3 cxb4 30. axb4 Rxb4 31. Qxa6 Nxe4 32. Nxe4 Rxe4 33. Qd3 Qc4 34.
Qd2 Qc5 35. Re1 Rc8 36. Rc1 Rc4 37. Rxc4 Qxc4 38. Rg2 Qe4 39. Ne1 Rc5 40. Qb2
Qxe3 41. Qb8+ Bf8 42. Nc2 Qf4+ 0-1

[Event "Ì15Ï"]
[Site "Loo"]
[Date "2017.04.22"]
[Round "3.49"]
[White "Èñìàèëîâ, Àìèð."]
[Black "Ïàâëè÷åíêî, Íèêèòà."]
[Result "1-0"]
[WhiteElo "1893"]
[BlackElo "1539"]
[PlyCount "157"]
[EventDate "2017.04.20"]

1. d4 e6 2. Nf3 Nf6 3. g3 g6 4. Bg2 Bg7 5. O-O O-O 6. c4 c6 7. Qc2 d5 8. Nbd2
Nbd7 9. b3 dxc4 10. Nxc4 Nb6 11. Ba3 Nxc4 12. Bxf8 Qxf8 13. bxc4 c5 14. e3 Rb8
15. Rfd1 Nd7 16. Rab1 b6 17. d5 exd5 18. cxd5 Nf6 19. e4 Qe8 20. Re1 Ng4 21.
Rbd1 Ne5 22. Nxe5 Bxe5 23. f4 Bd4+ 24. Kh1 Bd7 25. Qd2 Ba4 26. Rb1 b5 27. a3
Qd8 28. e5 a5 29. e6 fxe6 30. dxe6 b4 31. e7 Qd7 32. axb4 axb4 33. Qe2 Bc6 34.
Bxc6 Qxc6+ 35. Qe4 Qxe4+ 36. Rxe4 Kf7 37. Kg2 Re8 38. Rxd4 cxd4 39. Rxb4 Rxe7
40. Rxd4 Re2+ 41. Kh3 Rf2 42. Rd7+ Kg8 43. Rb7 Kh8 44. Rb4 Kg7 45. g4 Rf3+ 46.
Kg2 Ra3 47. h4 Ra2+ 48. Kf3 Ra3+ 49. Ke4 Rg3 50. g5 Rh3 51. Rb7+ Kg8 52. Ke5
Rxh4 53. Rb4 Kf7 54. Kd6 h6 55. Rb7+ Kg8 56. Ke5 h5 57. f5 Ra4 58. f6 h4 59.
Rg7+ Kf8 60. Rxg6 h3 61. Rh6 Kf7 62. g6+ Kg8 63. f7+ Kg7 64. Rh7+ Kxg6 65. f8=Q
Kxh7 66. Qe7+ Kh6 67. Qe6+ Kg5 68. Qf5+ Kh4 69. Qf2+ Kg4 70. Qe1 Kf3 71. Qd1+
Kg2 72. Qxa4 h2 73. Qc2+ Kg1 74. Qd1+ Kg2 75. Qe2+ Kg1 76. Kf4 h1=Q 77. Kg3
Qf3+ 78. Kxf3 Kh1 79. Qg2# 1-0

[Event "Ì15Ï"]
[Site "Loo"]
[Date "2017.04.22"]
[Round "3.50"]
[White "Êîïòåâ, Ðóñëàí."]
[Black "Ãîëîâàíñêèõ, Äìèòðèé."]
[Result "1-0"]
[WhiteElo "1814"]
[BlackElo "1447"]
[PlyCount "149"]
[EventDate "2017.04.20"]

1. e4 c5 2. Nf3 Nc6 3. Bb5 a6 4. Bxc6 bxc6 5. O-O d6 6. Nc3 e6 7. Re1 Ne7 8. d4
cxd4 9. Nxd4 c5 10. Nf3 Ng6 11. Bg5 Be7 12. Bxe7 Qxe7 13. Qd2 O-O 14. Rad1 Rd8
15. Na4 Qc7 16. c4 Bb7 17. Nc3 Bc6 18. b3 Rab8 19. h4 Ne5 20. Nxe5 dxe5 21. Qc2
Rd4 22. f3 Rbd8 23. Ne2 Rxd1 24. Rxd1 Rd7 25. Kf2 Qd8 26. Rxd7 Qxd7 27. Ke3 Qc7
28. Qd2 f6 29. g4 Kf7 30. Nc1 Ke7 31. Nd3 Qb6 32. Ke2 a5 33. Qe3 Kd6 34. Kd2 h6
35. a3 Qa7 36. Kc2 Bb7 37. Kb2 Ba6 38. g5 hxg5 39. hxg5 Kc6 40. gxf6 gxf6 41.
f4 exf4 42. Qxf4 Qe7 43. e5 f5 44. Qf3+ Kb6 45. Qe3 Kc6 46. Qf3+ Kb6 47. Qa8
Bb7 48. Qb8 Qd7 49. Qd6+ Qxd6 50. exd6 Bc6 51. Ne5 f4 52. Kc2 f3 53. Kd2 a4 54.
d7 Bxd7 55. Nxd7+ Kc6 56. Ne5+ Kb6 57. Nxf3 Ka5 58. Kc3 axb3 59. Kxb3 Kb6 60.
Ka4 Ka6 61. Ne5 Kb6 62. Nd3 Kc6 63. Ka5 e5 64. Nxe5+ Kd6 65. Nd3 Kc6 66. Ka6
Kc7 67. Nxc5 Kc6 68. Nd3 Kc7 69. Kb5 Kb7 70. c5 Kc7 71. c6 Kc8 72. Kb6 Kb8 73.
c7+ Kc8 74. Nc1 Kd7 75. Kb7 1-0

[Event "Ì15Ï"]
[Site "Loo"]
[Date "2017.04.22"]
[Round "3.51"]
[White "Èâëåâ, Àëåêñàíäð."]
[Black "Øè, Ìàêñèì."]
[Result "1-0"]
[WhiteElo "1778"]
[BlackElo "1462"]
[PlyCount "58"]
[EventDate "2017.04.20"]

1. d4 f5 2. Nf3 e6 3. Bf4 Nf6 4. e3 b6 5. Nbd2 Bb7 6. h3 Be7 7. Bd3 O-O 8. c3
Ne4 9. Qc2 Nxd2 10. Qxd2 d6 11. Qc2 Nd7 12. Rg1 Nf6 13. Nd2 Qe8 14. O-O-O h6
15. Rde1 Nd5 16. Bh2 Bg5 17. f4 Bh4 18. g3 Be7 19. e4 fxe4 20. Bxe4 Bc6 21. Bg6
Qd7 22. Re2 Rf6 23. Bh5 Raf8 24. Ne4 Rf5 25. Bg6 R8f6 26. Nxf6+ Rxf6 27. Rge1
e5 28. dxe5 dxe5 29. fxe5 Re6 1-0

[Event "Ì15Ï"]
[Site "Loo"]
[Date "2017.04.22"]
[Round "3.52"]
[White "Àñòàõîâ, Äìèòðèé."]
[Black "Ìàðóñîâ, Àëåêñåé."]
[Result "0-1"]
[WhiteElo "1495"]
[BlackElo "1752"]
[PlyCount "110"]
[EventDate "2017.04.20"]

1. d4 d5 2. c4 c6 3. cxd5 cxd5 4. Bf4 Nf6 5. e3 Nc6 6. Nc3 a6 7. a3 e6 8. Bd3
Be7 9. Qc2 Bd7 10. Nf3 O-O 11. O-O Rc8 12. Rac1 h6 13. Rfd1 Nh5 14. Bg3 Nxg3
15. hxg3 b5 16. b4 Qb6 17. Qe2 Bf6 18. Nd2 Nd8 19. Nb3 Nb7 20. Nc5 Bc6 21. Nxb7
Bxb7 22. Nb1 Rcd8 23. f4 Be7 24. Nd2 f5 25. Nb3 Rf6 26. Rc3 Bd6 27. Nc5 Bc6 28.
Rdc1 Be8 29. Kf2 g5 30. Qc2 Bxc5 31. bxc5 Qc6 32. Qb2 Rf7 33. Rb3 Rb7 34. a4
Rdb8 35. axb5 axb5 36. Ra3 b4 37. Ra6 Qc8 38. Rca1 Bc6 39. Qb3 Kh8 40. R6a5 Rg7
41. Ba6 Qg8 42. Be2 gxf4 43. exf4 Rg6 44. Ra7 Rg7 45. Rxg7 Qxg7 46. Qe3 b3 47.
Qxe6 Qxd4+ 48. Kf3 Qxa1 49. Qxh6+ Kg8 50. Qe6+ Kg7 51. Qe7+ Kh8 52. Qh4+ Kg8
53. Bd3 Qd1+ 54. Ke3 Re8+ 55. Kd4 Qa1# 0-1

[Event "Ì15Ï"]
[Site "Loo"]
[Date "2017.04.22"]
[Round "3.53"]
[White "Øêðåáêî, Ìèõàèë."]
[Black "Ðîëüãåéçåð, Ìàðòèí."]
[Result "1-0"]
[WhiteElo "1468"]
[BlackElo "1694"]
[PlyCount "119"]
[EventDate "2017.04.20"]

1. d4 Nf6 2. c4 c6 3. Nc3 d5 4. e3 e6 5. Nf3 Nbd7 6. cxd5 exd5 7. Bd3 Bd6 8.
Qc2 O-O 9. O-O Re8 10. Re1 Nf8 11. e4 dxe4 12. Nxe4 Nxe4 13. Bxe4 Ng6 14. Bg5
Qc7 15. Bxg6 Rxe1+ 16. Rxe1 hxg6 17. Re8+ Kh7 18. Qe4 Bf4 19. Qxf4 Qxf4 20.
Bxf4 f6 21. h4 b6 22. Nd2 Bb7 23. Rxa8 Bxa8 24. Bb8 a6 25. Nc4 b5 26. Na5 g5
27. hxg5 fxg5 28. f3 Kg6 29. Kf2 Kf5 30. Ke3 g4 31. fxg4+ Kxg4 32. Ke4 g5 33.
g3 Kh5 34. Kf5 Kh6 35. Ke6 Kg6 36. Kd6 Kf5 37. Kc5 Ke4 38. Be5 g4 39. Nxc6 Bb7
40. d5 Bc8 41. d6 Kf5 42. Bc3 Ke6 43. Nb8 a5 44. d7 Bxd7 45. Nxd7 b4 46. Nf8+
Kf7 47. Bxb4 axb4 48. Kxb4 Kxf8 49. Kc5 Ke7 50. Kb6 Kd6 51. a4 Kd5 52. a5 Ke4
53. a6 Kf3 54. a7 Kxg3 55. a8=Q Kh2 56. Qh8+ Kg2 57. b4 g3 58. b5 Kf1 59. Qg7
g2 60. Qxg2+ 1-0